Vývoj a kontexty současné růstové fáze ekonomiky USA

Rastová fáza ekonomiky USA v rokoch 2010-2017 sa vyznačuje prevažujúcou stabilitou silných a slabých stránok makroekonomického vývoja a takisto znížením niektorých nerovnováh. Zhrnutie silných a slabých stránok americkej ekonomiky. Prehľad vývoja miery nezamestnanosti a vývoja dlhu vlády. Príležitos...

Descrizione completa

Salvato in:
Dettagli Bibliografici
Autore principale: Czesaný, Slavoj
Natura: Capitolo di libro
Lingua:ceco
Soggetti:
Tags: Aggiungi Tag
Nessun Tag, puoi essere il primo ad aggiungerne!!

MARC

LEADER 00000naa a2200000 4500
001 0243718
005 20180530125550.6
041 0 |a cze 
044 |a CZ 
245 1 0 |a Vývoj a kontexty současné růstové fáze ekonomiky USA  |c Slavoj Czesaný 
520 |a Rastová fáza ekonomiky USA v rokoch 2010-2017 sa vyznačuje prevažujúcou stabilitou silných a slabých stránok makroekonomického vývoja a takisto znížením niektorých nerovnováh. Zhrnutie silných a slabých stránok americkej ekonomiky. Prehľad vývoja miery nezamestnanosti a vývoja dlhu vlády. Príležitosti pre ekonomický rast. 
610 2 0 |a USA 
610 2 0 |a makroekonomika 
610 2 0 |a hospodárstvo národné 
610 2 0 |a rast hospodársky 
610 2 0 |a nezamestnanosť 
100 1 |a Czesaný, Slavoj